<?xml version="1.0" encoding="UTF-8"?>
<record
    xmlns:xsi="http://www.w3.org/2001/XMLSchema-instance"
    xsi:schemaLocation="http://www.loc.gov/MARC21/slim http://www.loc.gov/standards/marcxml/schema/MARC21slim.xsd"
    xmlns="http://www.loc.gov/MARC21/slim">

  <leader>01372nam0a22002651  4500</leader>
  <controlfield tag="001">rc\4142881</controlfield>
  <controlfield tag="005">20250611105358.0</controlfield>
  <datafield tag="021" ind1=" " ind2=" ">
    <subfield code="a">RU</subfield>
    <subfield code="b">[50-15343]</subfield>
  </datafield>
  <datafield tag="035" ind1=" " ind2=" ">
    <subfield code="a">(NLR Aleph) 008164540</subfield>
  </datafield>
  <datafield tag="090" ind1=" " ind2=" ">
    <subfield code="a">7815290</subfield>
    <subfield code="c">7815290</subfield>
  </datafield>
  <datafield tag="100" ind1=" " ind2=" ">
    <subfield code="a">20130415d1950    |||y0rusy50      ca</subfield>
  </datafield>
  <datafield tag="101" ind1="0" ind2=" ">
    <subfield code="a">rus</subfield>
    <subfield code="a">vog</subfield>
  </datafield>
  <datafield tag="102" ind1=" " ind2=" ">
    <subfield code="a">RU</subfield>
  </datafield>
  <datafield tag="105" ind1=" " ind2=" ">
    <subfield code="a">y   e   |||||</subfield>
  </datafield>
  <datafield tag="200" ind1="1" ind2=" ">
    <subfield code="a">&#x420;&#x443;&#x441;&#x441;&#x43A;&#x43E;-&#x43C;&#x430;&#x43D;&#x441;&#x438;&#x439;&#x441;&#x43A;&#x438;&#x439; &#x441;&#x43B;&#x43E;&#x432;&#x430;&#x440;&#x44C; &#x43A; &#x43A;&#x43D;&#x438;&#x433;&#x430;&#x43C; &#x434;&#x43B;&#x44F; &#x447;&#x442;&#x435;&#x43D;&#x438;&#x44F; &#x432; III &#x438; IV &#x43A;&#x43B;&#x430;&#x441;&#x441;&#x430;&#x445; &#x448;&#x43A;&#x43E;&#x43B; &#x43D;&#x430;&#x440;&#x43E;&#x434;&#x43E;&#x432; &#x41A;&#x440;&#x430;&#x439;&#x43D;&#x435;&#x433;&#x43E; &#x421;&#x435;&#x432;&#x435;&#x440;&#x430;, &#x441;&#x43E;&#x441;&#x442;&#x430;&#x432;&#x43B;&#x435;&#x43D;&#x43D;&#x44B;&#x43C; &#x421;.&#x41C;. &#x41B;&#x430;&#x437;&#x443;&#x43A;&#x43E; &#x438; &#x41C;.&#x42F;. &#x411;&#x430;&#x441;&#x438;&#x43D;&#x43E;&#x439;</subfield>
    <subfield code="f">&#x41F;&#x435;&#x440;. &#x410;.&#x41D;. &#x411;&#x430;&#x43B;&#x430;&#x43D;&#x434;&#x438;&#x43D;&#x430;</subfield>
  </datafield>
  <datafield tag="210" ind1=" " ind2=" ">
    <subfield code="a">&#x41B;&#x435;&#x43D;&#x438;&#x43D;&#x433;&#x440;&#x430;&#x434;</subfield>
    <subfield code="c">&#x423;&#x447;&#x43F;&#x435;&#x434;&#x433;&#x438;&#x437;. &#x41B;&#x435;&#x43D;&#x438;&#x43D;&#x433;&#x440;. &#x43E;&#x442;&#x434;-&#x43D;&#x438;&#x435;</subfield>
    <subfield code="d">1950</subfield>
    <subfield code="g">&#x422;&#x438;&#x43F;. &#x2116; 3 &#x423;&#x43F;&#x440;. &#x438;&#x437;&#x434;-&#x432; &#x438; &#x43F;&#x43E;&#x43B;&#x438;&#x433;&#x440;&#x430;&#x444;&#x438;&#x438;</subfield>
  </datafield>
  <datafield tag="215" ind1=" " ind2=" ">
    <subfield code="a">82 &#x441;.</subfield>
    <subfield code="d">22</subfield>
  </datafield>
  <datafield tag="604" ind1=" " ind2=" ">
    <subfield code="1">50010$a&#x41A;&#x43D;&#x438;&#x433;&#x430; &#x434;&#x43B;&#x44F; &#x447;&#x442;&#x435;&#x43D;&#x438;&#x44F; &#x432; IV &#x43A;&#x43B;&#x430;&#x441;&#x441;&#x435; &#x448;&#x43A;&#x43E;&#x43B; &#x43D;&#x430;&#x440;&#x43E;&#x434;&#x43E;&#x432; &#x41A;&#x440;&#x430;&#x439;&#x43D;&#x435;&#x433;&#x43E; &#x421;&#x435;&#x432;&#x435;&#x440;&#x430;</subfield>
    <subfield code="1">700#1$a&#x411;&#x430;&#x441;&#x447;&#x438;&#x43D;&#x430;$b&#x41C;.&#x42F;.$g&#x41C;&#x430;&#x440;&#x438;&#x44F; &#x42F;&#x43A;&#x43E;&#x432;&#x43B;&#x435;&#x432;&#x43D;&#x430;</subfield>
  </datafield>
  <datafield tag="604" ind1=" " ind2=" ">
    <subfield code="1">50010$a&#x41A;&#x43D;&#x438;&#x433;&#x430; &#x434;&#x43B;&#x44F; &#x447;&#x442;&#x435;&#x43D;&#x438;&#x44F; &#x432; III &#x43A;&#x43B;&#x430;&#x441;&#x441;&#x435; &#x448;&#x43A;&#x43E;&#x43B; &#x43D;&#x430;&#x440;&#x43E;&#x434;&#x43E;&#x432; &#x41A;&#x440;&#x430;&#x439;&#x43D;&#x435;&#x433;&#x43E; &#x421;&#x435;&#x432;&#x435;&#x440;&#x430;</subfield>
    <subfield code="1">700#1$a&#x41B;&#x430;&#x437;&#x443;&#x440;&#x43A;&#x43E;$b&#x421;.&#x41C;.$g&#x421;&#x43E;&#x444;&#x44C;&#x44F; &#x41C;&#x438;&#x445;&#x435;&#x435;&#x432;&#x43D;&#x430;</subfield>
  </datafield>
  <datafield tag="702" ind1=" " ind2="1">
    <subfield code="a">&#x411;&#x430;&#x43B;&#x430;&#x43D;&#x434;&#x438;&#x43D;</subfield>
    <subfield code="b">&#x410;.&#x41D;.</subfield>
    <subfield code="g">&#x410;&#x43B;&#x435;&#x43A;&#x441;&#x435;&#x439; &#x41D;&#x438;&#x43A;&#x43E;&#x43B;&#x430;&#x435;&#x432;&#x438;&#x447;</subfield>
    <subfield code="4">730</subfield>
  </datafield>
  <datafield tag="801" ind1=" " ind2="0">
    <subfield code="a">RU</subfield>
    <subfield code="b">NLR</subfield>
    <subfield code="g">psbo</subfield>
  </datafield>
  <datafield tag="801" ind1=" " ind2="1">
    <subfield code="a">RU</subfield>
    <subfield code="b">ELAR</subfield>
    <subfield code="2">rusmarc</subfield>
  </datafield>
  <datafield tag="852" ind1=" " ind2=" ">
    <subfield code="a">NLR</subfield>
    <subfield code="j">&#x42F;60 &#x413;-6/187</subfield>
  </datafield>
  <datafield tag="942" ind1=" " ind2=" ">
    <subfield code="c">BOOK</subfield>
  </datafield>
  <datafield tag="980" ind1=" " ind2=" ">
    <subfield code="a">NB</subfield>
  </datafield>
  <datafield tag="995" ind1=" " ind2=" ">
    <subfield code="5">2013-10-26</subfield>
    <subfield code="b">NLR02</subfield>
    <subfield code="c">NLR02</subfield>
    <subfield code="e">RFS</subfield>
    <subfield code="f">8164540-10</subfield>
    <subfield code="k">&#x42F;60 &#x413;-6/187</subfield>
    <subfield code="o">0</subfield>
    <subfield code="r">BOOK</subfield>
    <subfield code="s">60_6187</subfield>
  </datafield>
</record>
